[Event "St Chely d'Aubrac op 8th"]
[Site "St Chely d'Aubrac"]
[Date "2008.07.19"]
[Round "9"]
[White "Veys, Vincent"]
[Black "Caparros, Nina"]
[Result "1/2-1/2"]
[WhiteElo "1530"]
[BlackElo "1199"]
[PlyCount "100"]
[EventDate "2008.07.13"]
[EventType "swiss"]
[EventRounds "9"]
[EventCountry "FRA"]
[SourceTitle "CBM 125 Extra"]
[Source "ChessBase"]
[SourceDate "2008.09.01"]
[SourceVersion "1"]
[SourceVersionDate "2008.09.01"]
[SourceQuality "1"]

1. e4 c5 2. Nf3 Nc6 3. Bb5 g6 4. 0-0 Bg7 5. d3 Nf6 6. Nc3 0-0 7. Be3 d6 8. Qd2 Ng4 9. Bf4 Qa5 10. h3 Bxc3 11. Qxc3 Qxc3 12. bxc3 Nge5 13. Nxe5 Nxe5 14. Bg5 Nc6 15. Bxc6 bxc6 16. Bxe7 Re8 17. Bxd6 c4 18. Rfd1 Ba6 19. e5 Rad8 20. d4 Bb7 21. Rab1 Rd7 22. Rb4 f6 23. Rdb1 fxe5 24. Bxe5 Ba8 25. Rb8 Rde7 26. R8b4 Rf7 27. Rxc4 Ref8 28. Bg3 h5 29. h4 Kg7 30. Rcb4 Kh6 31. Rb8 g5 32. Rxf8 Rxf8 33. Re1 gxh4 34. Bxh4 Rg8 35. Bg3 c5 36. Bf4+ Kh7 37. g3 h4 38. Re5 Rf8 39. Rh5+ Kg6 40. Rxh4 Re8 41. Be5 Re7 42. Rg4+ Kh5 43. Rg7 Re6 44. Rxa7 Be4 45. Ra3 c4 46. Ra4 Kg4 47. Rxc4 Rh6 48. Kf1 Rh1+ 49. Ke2 Bf3+ 50. Kd2 Rd1+ 1/2-1/2